书目信息 |
| 书名: | Under cover | |
| 作者: | by John Roy Carlson | |
| 分册号: | ||
| 分册名: | 出版地: | New York : |
|
| 出版社: | E. P. Dutton & co., inc | |
| 出版时间: | 1943. | |
| 页数: | 544 p. : | |
| 开本: | 22 cm. | |
| 丛书名: | ||
| 中图分类号: | ||
| 科图分类号: | ||
| 其他分类号: | K712.53 | |
| 主题词: | ||
| 电子资源: | ||
| 000 | 01047nam 2200265 a 4500 | |
| 001 | E0739201438 | |
| 005 | 20070517105541.73 | |
| 008 | 790809s1943 nyuacfh 000 0 eng | |
| 008 | 4001uueng0000000 | |
| 010 | @a43051232 | |
| 040 | @aDLC @beng@cDLC @dDLC | |
| 043 | @ae-gx--- @an-us--- | |
| 050 | 00 | @aE743.5 @b.D4 |
| 082 | 00 | @a351.74 |
| 090 | @aK712.53 | |
| 099 | @dK712.53@ex56 | |
| 100 | 1 | @aCarlson, John Roy, @d1909- |
| 245 | 10 | @aUnder cover :@bmy four years in the nazi underworld of America--the amazing revelation of how axis agents and our enemies within are now plotti ng to destroy the United States / @cby John Roy Carlson |
| 260 | @aNew York :@bE. P. Dutton & co., inc.,@c1943. | |
| 300 | @a544 p. :@billus. (facsims.)@4pl. (incl. ports.) on@2l. ;@c22 cm. | |
| 500 | @a"First edition." | |
| 650 | 0 | @aPropaganda, German. @b40 @d1898-1918@c20040423 @lNLC09 @h1604 @b40 @c20040508 @lNLC09 @h1420 |
| 650 | 0 | @aFascism @zUnited States. |
| 700 | @aCarlson, John Roy,@d1909- | |
| 852 | 0 | @bWWJC @cJ17N @hE743.5 @iD4 |
| Under cover : : my four years in the nazi underworld of America--the amazing revelation of how axis agents and our enemies within are now plotti ng to destroy the United States / / by John Roy Carlson.-New York : : E. P. Dutton & co., inc., , 1943. |
| 544 p. : : illus. (facsims.) ; 22 cm. |
| "First edition." |
| ISBN |
| ● |
| 相关链接 |
|
|
|
|
正题名:Under cover
索取号:K712.53/x56
 
预约/预借
| 序号 | 登录号 | 条形码 | 馆藏地/架位号 | 状态 | 备注 |
| 1 | 10165 | 300101654 | 第二样本阅览室/ [索取号:K712.53/x56] | 在馆 |